Harry Potter et le Prince de Sang-mêlé - Statistiques

Statistiques générales
  • Ce quiz a été pris 75 fois
  • Le résultat moyen est 13 sur 15
Statistiques - réponses
Citations Personnages % Correct
Vous osez utiliser mes propres sorts contre moi, Potter ? Severus Rogue
100%
Tu vois la fille là‑bas ? C’est Romilda Vane. Elle cherche à te faire boire un filtre d’amour. Hermione Granger
98%
Ce sont des créatures incomprises les araignées. Les yeux je pense, il y a des gens que ça perturbe… Rubeus Hagrid
95%
Soyez courageux, professeur ! Soyez courageux comme ma mère ! Sinon, vous ne lui faîtes pas honneur. Sinon, elle est morte pour rien. Sinon, le bocal restera vide à jamais. Harry Potter
94%
J’ai tué Sirius Black !! Bellatrix Lestrange
92%
Ces filles… elles vont me tuer ! Ron Weasley
90%
Je n'ai pas le choix, je dois le faire, je dois vous tuer ! Ou il me tuera Drago Malefoy
89%
Pourquoi est-ce toujours vous trois ? Minerva McGonagall
89%
Tout comme ta mère, tu as beaucoup de cœur, une qualité que les gens sous-estiment trop souvent, je le crains. Albus Dumbledore
87%
Dix gallions ! Fred Weasley
84%
Dix gallions ! George Weasley
83%
Ça peut aussi rester caché ici si tu veux Ginny Weasley
78%
Un horcruxe est un objet dans lequel une personne a caché une partie de son âme. Horace Slughorn
73%
Bien-sûr, monsieur. Ce sera notre petit secret Tom Jedusor
60%
Extraordinairement normal. Luna Lovegood
43%
Aucun quiz correspondant
Distribution des résultats
% des personnes avec chaque résultat
Percentile par nombre de réponses
Votre historique - résultats
Vous n’avez pas pris ce quiz